[Event "Charlotte Spring IM Invitational 2021"]
[Site "Charlotte"]
[Date "2021.03.18"]
[Round "1.1"]
[White "Matros, Alexander"]
[Black "Oberoi, Shelev"]
[Result "1-0"]
[WhiteElo "2380"]
[BlackElo "2199"]
[Annotator "TA"]
[PlyCount "125"]
[EventDate "2021.03.17"]
[EventType "tourn"]
[EventCountry "USA"]
[SourceTitle "playchess.com"]
[Source "ChessBase"]
[SourceQuality "1"]

{[%evp 9,125,2,4,0,11,4,51,31,43,52,54,54,39,51,70,70,70,59,72,59,57,52,52,49,49,19,22,12,15,29,40,20,20,20,29,19,23,0,52,52,52,52,52,52,52,52,52,52,52,52,52,39,113,106,102,112,136,136,135,125,113,33,237,227,363,184,340,284,951,890,737,671,1060,1023,1126,981,29974,29975,29974,29975,29976,29977,29977,29978,29978,29978,29978,29977,29978,29979,29979,29980,29980,29981,29981,29981,29981,29982,29982,29986,29983,29984,29984,29985,29985,29986,29986,29987,29987,29988,29988,29989,29989,29990,29990,29991,29991,29992]} 1. d4 Nf6 2. Nc3 d5 3. Bf4 c5 4. e3 cxd4 5. exd4 a6 6. Nf3 {B13: Caro-Kann: Exchange Variation and Panov-Botvinnik Attack.} Nc6 7. Ne5 Bf5 (7... Bd7 {is interesting.} 8. g3 e6 9. Bg2 Nxe5 10. dxe5 Ng8) 8. g4 {White is slightly better.} Be6 9. Nxc6 bxc6 10. g5 {[#]} Nd7 $146 ({Predecessor:} 10... Bg4 11. Be2 Bxe2 12. Qxe2 Nd7 13. h4 e6 14. h5 Nb6 15. b3 Ba3 16. Qe3 O-O {½-½ (62) Carapinha,F (1865)-Rubio Doblas,R (2163) ICCF email 2010}) 11. h4 Bf5 12. Bd3 Bxd3 13. Qxd3 e6 14. O-O-O Nb6 15. h5 Bd6 16. Qg3 Nc4 {White must now prevent ...Qb8!} 17. b3 Bxf4+ $1 18. Qxf4 Qd6 $1 {[%cal Rd6a3]} 19. Qxd6 Nxd6 20. Rhg1 Ke7 21. Na4 Nf5 22. c3 Kd6 23. f4 Kc7 ({Black should try} 23... g6 $11) 24. Nc5 $14 g6 25. h6 Nd6 26. Rde1 Nb7 27. Nd3 Nd6 28. Ne5 Rhf8 29. Ng4 Ne4 30. Kc2 a5 {[#]} (30... Kd6 $14) 31. Rxe4 $1 $16 {[%mdl 512]} dxe4 {[%mdl 4096] Endgame KRR-KRN} 32. Nf6 Rh8 {[#]} 33. Re1 $1 Rab8 34. Rxe4 Rb5 {[#]} 35. Re5 $1 Rxe5 $2 {Black cannot hold the game after this.} ({Black should play} 35... a4 $1 $14) 36. fxe5 $14 {KR-KN} Kb6 (36... a4 {is a better defense.} 37. Kd3 (37. bxa4 c5 $14) 37... axb3 38. axb3 Ra8 39. Nxh7 Ra2) 37. Kd3 (37. a4 $142 Kc7 38. Kd3) 37... Ka6 $2 (37... a4 38. bxa4 Ra8) 38. Kc4 $18 a4 $2 (38... Kb6 39. a4 Kc7) 39. Kc5 a3 40. Kb4 c5+ 41. Kxc5 Rb8 42. Kc4 Ka5 43. Nxh7 {White mates.} Rc8+ 44. Kd3 Kb5 45. Nf6 Rd8 46. h7 Rh8 47. Kc2 Ka5 48. Kd2 Kb5 49. c4+ Kb4 50. Kd3 Ka5 51. Kc3 Kb6 52. Kb4 Kc6 53. Kxa3 Ra8+ 54. Kb2 Rh8 55. a4 {[%cal Ba2a4,Ba4a5][%mdl 32]} Kb7 56. Kc3 Kc6 57. b4 {[%cal Bb3b4,Bb4b5][%mdl 32]} Kb6 58. a5+ Ka6 59. Kb3 Kb7 60. b5 Kc7 61. a6 Kb6 62. Kb4 Ka7 63. c5 {Weighted Error Value: White=0.07/Black=0.26} 1-0

[Event "Charlotte Spring IM Invitational 2021"]
[Site "Charlotte"]
[Date "2021.03.18"]
[Round "1.2"]
[White "Vijay, Keerthi K."]
[Black "Adamson, Robby"]
[Result "1/2-1/2"]
[WhiteElo "2260"]
[BlackElo "2235"]
[Annotator "TA"]
[PlyCount "158"]
[EventDate "2021.03.17"]
[EventType "tourn"]
[EventCountry "USA"]
[SourceTitle "playchess.com"]
[Source "ChessBase"]
[SourceQuality "1"]

{[%evp 9,158,-41,-41,-45,-44,-47,-38,-28,-33,-26,-22,-14,-22,-30,14,-23,-20,-45,-37,-57,-44,-34,0,-11,0,0,13,14,58,0,0,-37,-7,-20,0,-15,-22,-36,0,-20,12,25,0,5,14,-34,70,43,61,71,64,77,129,113,158,125,262,108,157,151,249,256,259,256,251,251,251,262,244,238,283,275,304,290,404,130,130,130,130,130,130,130,130,130,130,130,130,110,110,110,130,103,103,103,103,103,103,103,103,75,82,82,103,103,110,103,103,103,103,81,103,81,103,103,103,81,82,82,103,103,103,96,110,96,96,96,103,103,103,103,103,103,103,103,103,0,0,0,0,0,0,0,0,-8,0,0,0,0,0,0,0]} 1. d4 d5 2. Nc3 Nf6 3. g3 c5 4. Bg5 cxd4 5. Bxf6 {[#]} gxf6 $146 ({Predecessor:} 5... exf6 6. Qxd4 Be6 7. e4 Nc6 8. Bb5 dxe4 9. Qxd8+ Rxd8 10. Nxe4 Bd5 11. f3 f5 {0-1 (43) Kleemeier,E-Seeman,T (2428) Parnu 2000}) 6. Qxd4 {D00: 1 d4 d5: Unusual lines.} e6 7. e3 Nc6 8. Qd2 {Black is slightly better.} Bb4 9. a3 {[#]} Qa5 10. Nge2 {[#]} Ne5 $1 11. Bg2 Nc4 12. Qc1 Be7 13. e4 dxe4 14. Bxe4 f5 15. Bg2 Bf6 16. O-O O-O 17. Rd1 Qc5 18. Rb1 Ne5 19. b4 (19. Nf4 $1 $14) 19... Qe7 $11 20. Qf4 Ng6 21. Qc4 a6 22. a4 Ne5 23. Qf4 Ng6 24. Qe3 Rd8 25. Rxd8+ Qxd8 26. a5 Qc7 27. Qb6 Bd8 (27... Qxb6 $15 28. axb6 Ne5) 28. Na4 Qd7 29. Qd4 Qxd4 30. Nxd4 Ne5 ({Black should try} 30... e5) 31. Rd1 $16 Bc7 32. Nb3 Rb8 (32... Kf8 $16) 33. f4 (33. Nb6 $18 {has better winning chances.}) 33... Nd7 34. c4 b6 (34... e5 $16 {is a better defense.}) 35. Bc6 $18 Nf8 {intending ...bxa5.} 36. axb6 Bxb6+ 37. Nxb6 Rxb6 38. b5 axb5 39. cxb5 {aiming for Nc5.} Bb7 {[#]} 40. Na5 {[%cal Ra5b7]} Bxc6 41. bxc6 {[%mdl 4096] Endgame KRN-KRN} Rb5 {[#]} 42. Rc1 $1 Rxa5 $16 {KRN-KR} 43. c7 Ra8 44. c8=Q Rxc8 45. Rxc8 {KR-KN} Kg7 46. Kf2 Nd7 47. Ke3 Nf6 48. Kd4 Ng4 49. Rc2 Kg6 50. Kc5 h5 51. Kd6 Kf6 52. Kd7 Kg7 53. Ke7 Ne3 54. Rd2 Nd5+ 55. Kd6 {Strongly threatening Rxd5.} Nf6 {White must now prevent ...Ne4+.} 56. Rc2 (56. Ke5 {is more complex.} Kg6 57. Ra2 Nd5 58. Ra3 Nf6 59. Kd6) 56... Ne4+ 57. Ke7 Nf6 58. Kd8 Nd5 59. Rb2 Nf6 60. Rb7 Kf8 61. Rb8 Kg7 62. Ke7 Nd5+ 63. Kd6 Nf6 64. Rb7 Ne4+ 65. Ke5 Nf6 66. h3 Ne4 {[#]} 67. Rb3 $1 Nf6 68. Rd3 Kg6 69. Rd8 Kg7 70. Ra8 Nd7+ 71. Kd6 Nf6 72. Ke7 (72. Ra3 $16) 72... Nd5+ $11 {The position is equal.} 73. Kd8 h4 $1 {[%cal Rh4g3]} 74. Ra3 Kf6 75. gxh4 {Threatens to win with Rf3.} Nxf4 76. Kd7 e5 77. Kd6 e4 78. Kc5 Ke5 79. Kc4 Nh5 {Black escapes into a draw.  Weighted Error Value: White=0.20/Black=0.21} 1/2-1/2

[Event "Charlotte Spring IM Invitational 2021"]
[Site "Charlotte"]
[Date "2021.03.18"]
[Round "1.3"]
[White "Chasin, Nico"]
[Black "Wang, Tianqi"]
[Result "0-1"]
[WhiteElo "2293"]
[BlackElo "2305"]
[Annotator "TA"]
[PlyCount "84"]
[EventDate "2021.03.17"]
[EventType "tourn"]
[EventCountry "USA"]
[SourceTitle "playchess.com"]
[Source "ChessBase"]
[SourceQuality "1"]

{[%evp 22,84,0,0,0,-19,-20,-44,0,0,7,-37,-38,-43,-35,-31,-42,-65,-65,-61,-66,-79,-5,-12,-12,-12,-7,-14,-8,-10,0,0,0,-19,0,0,0,-10,0,0,0,-10,-10,-8,-1,-616,-607,-937,-868,-2244,-1882,-1193,-985,-29986,-29987,-29987,-29985,-29985,-29986,-29986,-29987,-29987,-29988,-29988,-29989]} 1. c4 c5 2. Nc3 g6 3. g3 Bg7 4. Bg2 Nc6 5. e3 d6 6. Nge2 e5 7. d3 Nge7 8. O-O O-O 9. a3 a5 10. Bd2 Rb8 11. Rb1 Be6 12. Nd5 b5 {A36: Symmetrical English vs ...g6: 4 Bg2 Bg7.} 13. Nec3 b4 14. axb4 Nxb4 {[#] Black is slightly better.} (14... axb4 {seems wilder.} 15. Nxe7+ Nxe7 16. Nd5 Nxd5 17. Bxd5 Bxd5 18. cxd5 Ra8) 15. Nxe7+ $146 ({Predecessor:} 15. Nxb4 axb4 16. Nb5 e4 17. Qc2 exd3 18. Qxd3 d5 19. cxd5 Nxd5 20. Na7 Nc3 21. Qxd8 {0-1 (47) Garcia Roman,D (2312)-Guidarelli,L (2422) Mallorca 2003}) 15... Qxe7 16. Qa4 Nxd3 17. Nd5 Bxd5 18. Bxd5 Nb4 19. e4 Nxd5 20. cxd5 f5 21. Qxa5 Rb3 (21... fxe4 $17 {aiming for ...Qb7.} 22. Qa4 e3 23. fxe3 e4) 22. Qa4 $11 Rfb8 23. Bc3 f4 24. Ra1 h5 25. Ra2 R3b5 26. Qc4 R5b7 27. Ra6 Qd7 28. Qe2 Rf8 {[#] And now ...f3 would win.} 29. f3 fxg3 30. hxg3 Bh6 31. f4 exf4 32. e5 $1 Qf5 {[#] White must now prevent ...f3.} 33. Rxd6 $2 {[%mdl 8192] White does not recover from this.} (33. exd6 $11 Kh7 34. Rc6) 33... f3 $19 34. Qf2 Qg4 {( -> ...Be3!)} 35. Qh2 Be3+ 36. Kh1 h4 37. Rf6 Rh7 {Black mates.} 38. Ra1 Rxf6 39. exf6 f2 40. Ra8+ Kf7 41. Ra7+ Ke8 42. f7+ Kf8 {Weighted Error Value: White=0.71/Black=0.18} 0-1

[Event "Charlotte Spring IM Invitational 2021"]
[Site "Charlotte"]
[Date "2021.03.17"]
[Round "1.5"]
[White "Canty, James"]
[Black "Martin Del Campo C., Roberto"]
[Result "1/2-1/2"]
[WhiteElo "2221"]
[BlackElo "2295"]
[Annotator "TA"]
[PlyCount "29"]
[EventDate "2021.03.17"]
[EventType "tourn"]
[EventCountry "USA"]
[SourceTitle "playchess.com"]
[Source "ChessBase"]
[SourceQuality "1"]

{[%evp 15,29,25,28,12,31,40,49,47,79,39,52,62,48,-3,-5,-10]} 1. e4 c5 2. c3 g6 3. d4 cxd4 4. cxd4 d5 5. Nc3 Bg7 6. exd5 Nf6 7. Qb3 O-O 8. Be2 Nbd7 9. Nh3 {B14: Caro-Kann: Panov-Botvinnik Attack with 5...e6 and 5...g6.} Nb6 10. Nf4 Qd6 {[#]} 11. O-O $146 {White is slightly better.} ({Predecessor:} 11. a4 a5 12. O-O Bg4 13. Bxg4 Nxg4 14. Nb5 Qd7 15. d6 exd6 16. h3 Nf6 17. Nc3 {1-0 (25) Lalic,B (2491)-Piankov,E (2324) Tabor 2010}) 11... Rd8 {[%cal Rf6d5]} 12. Bf3 (12. Nb5 $5 {[%cal Rb5d6]} Qb8 13. d6 $16) 12... Bg4 13. Bxg4 Nxg4 14. Ne4 (14. h3 $14 Nf6 15. Nb5) 14... Qd7 $11 {[%cal Rb6d5]} 15. d6 {Weighted Error Value: White=0.23/Black=0.10} 1/2-1/2

[Event "Charlotte Spring IM Invitational 2021"]
[Site "Charlotte"]
[Date "2021.03.18"]
[Round "2.1"]
[White "Matros, Alexander"]
[Black "Vijay, Keerthi K."]
[Result "1/2-1/2"]
[WhiteElo "2380"]
[BlackElo "2260"]
[Annotator "NA"]
[PlyCount "63"]
[EventDate "2021.03.17"]
[EventType "tourn"]
[EventCountry "USA"]
[SourceTitle "playchess.com"]
[Source "ChessBase"]
[SourceQuality "1"]
[TimeControl "5400+30"]

1. d4 {[%emt 1:30:30]} d5 2. c4 {[%emt 0:00:30]} c6 {[%emt 1:31:00]} 3. cxd5 {[%emt 0:00:30]} cxd5 {[%emt 0:00:30]} 4. Bf4 {[%emt 0:00:30]} Nf6 {[%emt 0:00:30]} 5. e3 {[%emt 0:00:30]} e6 {[%emt 0:00:30]} 6. Nc3 {[%emt 0:00:30]} Bd6 {[%emt 0:00:30]} 7. Bg3 {[%emt 0:00:30]} Nc6 {[%emt 0:00:30]} 8. Nf3 {[%emt 0:00:30]} Ne4 {[%emt 0:00:30]} 9. Bb5 {[%emt 0:00:30]} Bb4 {[%emt 0:00:30]} 10. O-O {[%emt 0:00:30]} Bxc3 {[%emt 0:00:30]} 11. bxc3 {[%emt 0:00:30]} O-O {[%emt 0:00:30]} 12. Qb3 {[%emt 0:00:30]} Na5 {[%emt 0:00:30]} 13. Qb4 {[%emt 0:00:30]} Qb6 {[%emt 0:00:30]} 14. Rfc1 {[%emt 0:00:30]} f6 {[%emt 0:00:30]} 15. Rab1 {[%emt 0:00:30]} Nxg3 {[%emt 0:00:30]} 16. hxg3 {[%emt 0:00:30]} a6 {[%emt 0:00:30]} 17. Bd3 {[%emt 0:00:30]} Qxb4 {[%emt 0:00:30]} 18. cxb4 {[%emt 0:00:30]} Nc6 {[%emt 0:00:30]} 19. a4 {[%emt 0:00:30]} a5 {[%emt 0:00:30]} 20. b5 {[%emt 0:00:30]} Nb4 {[%emt 0:00:30]} 21. Rb3 {[%emt 0:00:30]} Rf7 {[%emt 0:00:30]} 22. Bb1 {[%emt 0:00:30]} b6 {[%emt 0:00:30]} 23. Rbc3 {[%emt 0:00:30]} Bb7 {[%emt 0:00:30]} 24. g4 {[%emt 0:00:30]} g5 {[%emt 0:00:30]} 25. Rc7 {[%emt 0:00:30]} Raf8 {[%emt 0:00:30]} 26. Kf1 {[%emt 0:00:30]} Kg7 {[%emt 0:00:30]} 27. Ke2 {[%emt 0:00:30]} h6 {[%emt 0:00:30]} 28. Nd2 {[%emt 0:00:30]} Rxc7 {[%emt 0:00:30]} 29. Rxc7+ Rf7 {[%emt 0:00:30]} 30. Rc1 {[%emt 0:01:00]} Rf8 {[%emt 0:00:30]} 31. Rc7+ {[%emt 0:00:30]} Rf7 {[%emt 0:00:30]} 32. Rc1 {[%emt 0:00:30]} 1/2-1/2

[Event "Charlotte Spring IM Invitational 2021"]
[Site "Charlotte"]
[Date "2021.03.18"]
[Round "2.2"]
[White "Griffith, Kyron"]
[Black "Canty, James"]
[Result "1-0"]
[WhiteElo "2372"]
[BlackElo "2221"]
[Annotator "NA"]
[PlyCount "65"]
[EventDate "2021.03.17"]
[EventType "tourn"]
[EventCountry "USA"]
[SourceTitle "playchess.com"]
[Source "ChessBase"]
[SourceQuality "1"]
[TimeControl "5400+30"]

1. d4 {[%emt 0:03:48]} Nf6 {[%emt 0:00:00]} 2. c4 {[%emt 0:00:07]} g6 {[%emt 0:00:00]} 3. Nc3 {[%emt 0:00:04]} Bg7 {[%emt 0:00:00]} 4. e4 {[%emt 0:00:04]} d6 {[%emt 0:00:00]} 5. f4 {[%emt 0:00:05]} O-O {[%emt 0:00:00]} 6. Nf3 {[%emt 0:00:04]} c5 {[%emt 0:00:03]} 7. d5 {[%emt 0:00:04]} e6 {[%emt 0:00:06]} 8. Be2 {[%emt 0:00:05]} exd5 {[%emt 0:00:08]} 9. cxd5 {[%emt 0:00:16]} b5 {[%emt 0:04:05]} 10. e5 {[%emt 0:04:26]} dxe5 {[%emt 0:00:32]} 11. fxe5 {[%emt 0:00:05]} Ng4 {[%emt 0:01:02]} 12. Bxb5 {[%emt 0:07:02]} Nxe5 {[%emt 0:00:54]} 13. O-O {[%emt 0:02:21]} Qb6 {[%emt 0:12:45]} 14. Nxe5 {[%emt 0:16:54]} Bxe5 {[%emt 0:00:03]} 15. Bh6 {[%emt 0:00:13]} Rd8 {[%emt 0:15:40]} 16. Qf3 {[%emt 0:03:19]} f5 {[%emt 0:03:38]} 17. Rae1 {[%emt 0:02:19]} Bd4+ {[%emt 0:04:09]} 18. Kh1 {[%emt 0:00:32]} Nd7 {[%emt 0:00:16]} 19. Bc6 {[%emt 0:14:04]} Rb8 {[%emt 0:07:37]} 20. Bf4 {[%emt 0:08:51]} Ba6 {[%emt 0:00:29]} 21. Bxd7 {[%emt 0:01:53]} Rxd7 {[%emt 0:01:16]} 22. Re6 {[%emt 0:00:45]} Bxf1 {[%emt 0:06:53]} 23. Rxb6 {[%emt 0:00:35]} Rxb6 {[%emt 0:00:04]} 24. Qxf1 {[%emt 0:00:04]} Rxb2 {[%emt 0:00:25]} 25. Qe1 {[%emt 0:02:02]} Rdb7 {[%emt 0:09:01]} 26. h4 {[%emt 0:02:32]} Rc2 {[%emt 0:00:48]} 27. Qe8+ {[%emt 0:05:27]} Kg7 {[%emt 0:00:07]} 28. h5 {[%emt 0:00:34]} gxh5 {[%emt 0:04:54]} 29. Be5+ {[%emt 0:00:35]} Bxe5 {[%emt 0:02:24]} 30. Qxe5+ {[%emt 0:00:05]} Kg6 {[%emt 0:27:41]} 31. d6 {[%emt 0:00:13]} Rd2 {[%emt 0:00:00]} 32. Qe6+ {[%emt 0:00:42]} Kg7 {[%emt 0:00:00]} 33. Nd5 {[%emt 0:00:16]} 1-0

[Event "Charlotte Spring IM Invitational 2021"]
[Site "Charlotte"]
[Date "2021.03.18"]
[Round "2.3"]
[White "Wang, Tianqi"]
[Black "Andrianov, Nikolai"]
[Result "0-1"]
[WhiteElo "2305"]
[BlackElo "2365"]
[Annotator "TA"]
[PlyCount "72"]
[EventDate "2021.03.17"]
[EventType "tourn"]
[EventCountry "USA"]
[SourceTitle "playchess.com"]
[Source "ChessBase"]
[SourceQuality "1"]

{[%evp 9,72,-2,27,16,22,14,21,16,39,37,65,39,41,27,25,27,55,29,35,41,68,54,71,48,49,56,57,52,60,51,45,39,43,39,38,0,26,14,33,31,41,0,0,0,0,-608,-596,-606,-599,-608,-601,-647,-647,-916,-818,-917,-887,-914,-884,-1102,-1108,-1040,-1052,-1040,-1029]} 1. e4 c5 2. Nc3 e6 3. f4 d5 4. Nf3 dxe4 5. Nxe4 Nf6 6. Nxf6+ {B21: Sicilian: 2 f4 and Morra Gambit.} gxf6 7. b3 Nc6 8. Bb2 {[#] The position is equal.} Rg8 $146 ({Predecessor:} 8... Bd7 9. a3 Bg7 10. Bd3 Qb6 11. Qe2 h5 12. Qf2 O-O-O 13. b4 cxb4 14. Qxb6 axb6 {0-1 (48) Houska,J (2551)-Hansen,S (2358) Germany 2003}) 9. g3 f5 10. Bb5 Bd7 11. Bxc6 Bxc6 12. Rf1 Bxf3 13. Qxf3 Qd5 14. Qe2 O-O-O 15. O-O-O Bg7 16. Bxg7 Rxg7 17. Rf3 f6 18. Rd3 Qc6 19. Rxd8+ Kxd8 $14 {[%mdl 4096] Endgame KQR-KQR} 20. Re1 Re7 21. Qc4 Qd5 22. Qe2 Kc7 23. Kb1 b6 24. Qa6 Kb8 25. Re2 e5 26. fxe5 Rxe5 27. a4 $2 {[%mdl 8192] [#]} (27. Rxe5 $11 fxe5 28. Qf1) 27... Qh1+ $1 $19 {Black is clearly winning.} 28. Kb2 Qf1 29. Rxe5 {Intending Re8+ and mate.} Qxa6 30. Rxf5 {KQ-KR} Qe2 31. d3 h5 32. h3 Qe3 33. Rxh5 Qxg3 34. h4 Qg6 35. Rh8+ Kc7 36. h5 Qg7 {Weighted Error Value: White=0.47/Black=0.08} 0-1

[Event "Charlotte Spring IM Invitational 2021"]
[Site "Charlotte"]
[Date "2021.03.18"]
[Round "2.4"]
[White "Adamson, Robby"]
[Black "Chasin, Nico"]
[Result "0-1"]
[WhiteElo "2235"]
[BlackElo "2293"]
[Annotator "TA"]
[PlyCount "82"]
[EventDate "2021.03.17"]
[EventType "tourn"]
[EventCountry "USA"]
[SourceTitle "playchess.com"]
[Source "ChessBase"]
[SourceQuality "1"]

{[%evp 15,82,23,38,27,22,37,91,89,94,83,153,-39,-39,-43,0,-7,-7,-15,-5,-3,-5,-8,-10,-32,-7,-48,-35,-70,66,76,79,75,68,72,72,76,74,49,53,7,9,0,5,0,12,-5,0,-8,-12,-45,-60,-90,-85,-86,-75,-87,-82,-97,-70,-102,-71,-177,-200,-188,-184,-201,-218,-553,-545]} 1. e4 c5 2. c3 Nf6 3. e5 Nd5 4. Nf3 Nc6 5. Bc4 Nb6 6. Bb3 c4 7. Bc2 d6 $1 {[%mdl 4] now scores much better than the old 7...Qc7.} 8. exd6 Qxd6 9. Na3 {B22: Sicilian: 2 c3.} Bg4 10. Qe2 Qc5 (10... Qe6 $14) 11. b3 $16 {White is better.} cxb3 12. axb3 {[#]} Nd5 $146 (12... Rc8 $142) ({Predecessor:} 12... a6 13. Qe4 Bh5 14. Qe3 Qxe3+ 15. fxe3 e6 16. Be4 Rc8 17. Nc2 Bg6 18. Bxg6 hxg6 {½-½ (27) Pedersen,H (2146)-Svanholm,B (1926) Helsingor 2011}) 13. Qb5 $2 (13. O-O $16) 13... Qxb5 $15 14. Nxb5 a6 (14... Bxf3 $5 15. gxf3 a6 $11) 15. Be4 O-O-O $1 {Threatens to win with ...Bxf3.} 16. Na3 f5 17. Bxd5 Rxd5 18. Nc4 $36 {[%mdl 2048] White fights for an advantage.} Rb5 19. b4 e5 20. d3 Bh5 21. O-O Bf7 ({Black should play} 21... f4 $15) 22. Re1 $14 {[%cal Rf3e5]} e4 23. Ng5 {[%mdl 64] Double Attack} Bg8 24. Na3 Re5 25. Bf4 h6 26. Bxe5 ({Much weaker is} 26. dxe4 hxg5 27. Bxe5 Nxe5 $11) 26... Nxe5 27. Nh3 ({But not} 27. dxe4 hxg5 28. exf5 Bd6 $15) (27. Nxe4 $5 Nxd3 {[#]} 28. Nd6+ $1 Bxd6 29. Red1 $14) 27... Nxd3 28. Re2 Bd5 29. Nc2 g5 30. f3 exf3 31. Rd2 Be4 32. gxf3 {[#]} Ne5 $1 33. fxe4 (33. Nd4 Nxf3+) 33... Nf3+ {[%mdl 64] Double Attack} 34. Kg2 Nxd2 35. exf5 Bg7 36. Ra5 Rd8 37. Nf2 Rd6 38. Rc5+ (38. h3 $17 {was called for.}) 38... Kd7 $19 39. Ra5 Bxc3 40. Rc5 Bg7 {And now ...b6 would win.} 41. Ne3 $2 (41. Ra5 {is tougher.}) 41... Bd4 $1 {[%csl LRc5,LRe3][%mdl 64] Double Attack.  Weighted Error Value: White=0.36/Black=0.16} 0-1

[Event "Charlotte Spring IM Invitational 2021"]
[Site "Charlotte"]
[Date "2021.03.18"]
[Round "2.5"]
[White "Oberoi, Shelev"]
[Black "Martin Del Campo C., Roberto"]
[Result "1/2-1/2"]
[WhiteElo "2199"]
[BlackElo "2295"]
[Annotator "TA"]
[PlyCount "194"]
[EventDate "2021.03.17"]
[EventType "tourn"]
[EventCountry "USA"]
[SourceTitle "playchess.com"]
[Source "ChessBase"]
[SourceQuality "1"]

{[%evp 10,194,81,12,64,55,47,56,68,59,76,27,72,61,63,50,75,35,54,24,18,18,20,18,71,68,70,0,76,0,0,0,0,-12,-8,-13,-6,-56,-45,-47,0,-51,-40,-40,-47,-46,-49,-36,21,21,22,21,19,19,21,8,64,64,118,32,34,21,21,21,21,20,21,0,0,0,21,21,21,0,0,0,0,0,0,0,0,0,0,0,0,0,0,0,0,0,0,0,0,-67,-61,-75,-75,-321,0,0,0,-294,-2,-13,0,0,0,0,0,0,0,0,0,0,0,0,0,0,0,0,0,0,0,0,0,0,0,0,0,0,0,0,0,0,0,0,0,0,0,0,0,0,0,0,0,0,0,0,0,0,0,0,0,0,0,0,0,0,0,0,0,0,0,0,0,0,0,0,0,0,0,0,15,0,0,0,0,0,0,0,0,0,0,0,48,29,30]} 1. e4 g6 2. d4 Bg7 3. Nc3 c5 4. dxc5 Bxc3+ 5. bxc3 Qa5 6. Nf3 ({White should try} 6. Qd4 $16 Nf6 7. Qb4 Qxb4 8. cxb4) 6... Nc6 {[#] B27: Sicilian: 2 Nf3, unusual Black 2nd moves.} (6... Nf6 $11) 7. Qd2 $146 ({Predecessor:} 7. Bd3 Qxc3+ 8. Bd2 Qxc5 9. Rb1 Nf6 10. Rb5 Qa3 11. e5 Nh5 12. Qa1 O-O 13. O-O {1-0 (34) Stukopin,A (2587)-Lee,M (2420) ICC INT 2015}) 7... Nf6 8. Bd3 Qxc5 {White is slightly better.} 9. Rb1 a6 10. Qg5 d5 {[#]} 11. exd5 $1 Qxd5 12. O-O O-O 13. Re1 Qxa2 14. Bf4 Qa5 15. Ne5 Nxe5 16. Rxe5 Qa2 (16... Qd8 $11) 17. Rbe1 $16 Be6 18. h3 (18. Ra5 $14 Qb2 19. Be5) 18... Nh5 (18... Nd5 $11 {keeps the balance.} 19. Rxe6 Nxf4 20. Rxe7 Nxd3 21. cxd3 b5) 19. Qh6 (19. Ra5 $16 Qb2 20. Bd2) 19... Nxf4 $11 20. Qxf4 Rad8 21. Qb4 Rd5 22. R5e3 Rd7 23. Re5 b5 $1 24. Qh4 Qa3 25. R1e3 (25. Bxg6 $11 hxg6 26. Qh6) 25... Rfd8 26. Qh6 Qc1+ 27. Kh2 {[#] White wants to mate with Rh5!} Rxd3 $1 28. cxd3 {[#] Threatens to win with Rh5!} Rxd3 $1 {[#]} 29. Rh5 $1 gxh5 30. Rg3+ Rxg3 31. Qxc1 {[%mdl 4096] Endgame KQ-KRB} Rg6 32. Qd1 f6 ({Better is} 32... Rf6 $11) 33. Qxh5 $14 Bc4 (33... f5 $14) 34. Qc5 (34. f4 $16 {aiming for f5.} f5 35. Qxf5) 34... Kf7 35. g4 {[%mdl 1024] White has compensation.} Rg5 36. Qb6 h5 37. f3 Rd5 38. Kg3 hxg4 39. hxg4 Rd3 40. Qxa6 Rxc3 41. Qc8 b4 42. g5 Bd5 {[%mdl 64] Discovered Attack} 43. g6+ {[%mdl 64] Decoy} Kxg6 44. Qg4+ Kf7 45. Qh5+ Ke6 46. Qg4+ Ke5 47. Qf4+ Ke6 48. Qg4+ f5 (48... Ke5 {is more complex.}) 49. Qg8+ Kd6 50. Qd8+ Kc6 51. Qa8+ (51. Qe8+ $11 Kc5 52. Qxe7+ Kb5 53. Qe2+ Ka5 54. Qe5 Rxf3+ 55. Kh4) 51... Kc5 $15 52. Qa5+ Kc4 53. Qa2+ $2 (53. Qc7+ $17 {was the only chance.} Kb3 54. Qxe7) 53... Kd4 $2 ({Black should play} 53... b3 $19 54. Qa6+ Kd4 55. Qa7+ Kd3 56. Qxe7 b2) 54. Qa7+ $11 Kc4 $2 {[%mdl 8192]} (54... Kd3 $11 55. Qxe7 Kc4) 55. Qa2+ $19 Rb3 $2 (55... b3 $19 56. Qa6+ Kd4 57. Qa7+ Kd3 58. Qxe7 Bc4) 56. Qe2+ $11 Kd4 57. Qf2+ Ke5 58. Qe2+ Kf6 59. Qd2 Rxf3+ 60. Kh2 e6 {...b3 is the strong threat.} 61. Qd4+ Kg5 {Hoping for ...b3.} (61... Kf7 {keeps more tension.} 62. Qxb4 Re3 63. Qh4 Kg6 64. Qe7 Rb3) 62. Qxb4 Rf2+ (62... Re3 {seems wilder.} 63. Kg1 Re4 64. Qf8 Rg4+ 65. Kf2 Rf4+) 63. Kg1 (63. Kh3 {keeps more tension.} Rf3+ 64. Kh2) 63... Rg2+ 64. Kf1 Ra2 (64... Rc2 {seems wilder.} 65. Qf8 Rc4 66. Ke2 f4 67. Qg8+ Kh6) 65. Qe7+ Kf4 66. Qh4+ Ke3 67. Qg3+ Bf3 {( -> ...Ra1+)} 68. Qe5+ Be4 69. Qg3+ Kd4 70. Qd6+ Bd5 71. Qf4+ (71. Qb6+ {keeps more tension.} Kc3 72. Qe3+ Kb4 73. Qb6+ Kc4 74. Qc7+) 71... Kd3 72. Qg3+ Kc4 73. Qc7+ Kb3 74. Qb8+ Kc2 75. Qb4 Rb2 76. Qd4 Rb3 77. Ke2 Rb2 78. Qd3+ (78. Ke3 {keeps more tension.} Kb1 79. Kd3 Be4+ 80. Ke3 Bd5) 78... Kc1+ 79. Ke1 {[%csl Ge1][%cal Rd3d1]} Bb3 80. Qc3+ Kb1 81. Qd3+ Ka1 82. Qd4 Ka2 83. Qa7+ (83. Qc3 {is interesting.} Bd5 84. Kf1 Rb1+ 85. Ke2 Rb2+ 86. Kd1) 83... Kb1 84. Qd4 (84. Qe3 {feels hotter.} Ka2 85. Qd4 Bd5 86. Qa4+ Kb1 87. Qd1+) 84... Rc2 (84... Ka2 {with more complications.}) 85. Qb4 Rb2 86. Qd4 (86. Qc3 {seems wilder.} Bd5 87. Qd3+ Ka2 88. Qa6+ Kb3 89. Qd3+) 86... Bc2 87. Kf2 Rb3 (87... Be4+ {looks sharper.} 88. Ke3 Bd5 89. Kd3 Be4+ 90. Ke3) 88. Qe5 Rb2 89. Qe1+ Ka2 90. Qa5+ Ba4+ 91. Kg3 (91. Ke3 {keeps more tension.} Ka3 92. Qc5+ Ka2 93. Qa7 Rb4 94. Kd3) 91... Ka3 92. Qc5+ (92. Qe1 {is more complex.} Bb3 93. Qa1+ Ra2 94. Qc1+ Rb2 95. Qa1+) 92... Rb4 93. Qc1+ (93. Kf3 {seems wilder.} Bb3 94. Ke2 Bd5 95. Kd2 Kb3 96. Qe3+) 93... Ka2 94. Qd2+ Rb2 95. Qa5 Ka3 96. Qc5+ Kb3 97. Qe3+ Kb4 {Weighted Error Value: White=0.25/Black=0.29} 1/2-1/2